| 000 | 00370nam a2200133Ia 4500 | ||
|---|---|---|---|
| 008 | 231129s9999||||xx |||||||||||||| ||spa|| | ||
| 020 | _a1-57554-428-8 | ||
| 040 | _bspa | ||
| 082 | _a370 W583c | ||
| 100 | _aWhite Elena G. de | ||
| 245 | 0 | _aConsejos para los maestros padres y alumnos | |
| 264 | _aGema Editores | ||
| 942 |
_2ddc _cBKS |
||
| 999 |
_c7941 _d7941 |
||